<?xml version="1.0" encoding="UTF-8"?>
<record
    xmlns:xsi="http://www.w3.org/2001/XMLSchema-instance"
    xsi:schemaLocation="http://www.loc.gov/MARC21/slim http://www.loc.gov/standards/marcxml/schema/MARC21slim.xsd"
    xmlns="http://www.loc.gov/MARC21/slim">

  <leader>03062nam a22004337a 4500</leader>
  <datafield tag="952" ind1=" " ind2=" ">
    <subfield code="0">0</subfield>
    <subfield code="1">0</subfield>
    <subfield code="2">lcc</subfield>
    <subfield code="4">0</subfield>
    <subfield code="7">0</subfield>
    <subfield code="a">07</subfield>
    <subfield code="b">07</subfield>
    <subfield code="d">2014-12-27</subfield>
    <subfield code="l">0</subfield>
    <subfield code="o">HG4216 P47 2013</subfield>
    <subfield code="p">07 004874</subfield>
    <subfield code="r">2014-12-27</subfield>
    <subfield code="t">1</subfield>
    <subfield code="w">2014-12-27</subfield>
    <subfield code="y">LB</subfield>
  </datafield>
  <datafield tag="952" ind1=" " ind2=" ">
    <subfield code="0">0</subfield>
    <subfield code="1">0</subfield>
    <subfield code="2">lcc</subfield>
    <subfield code="4">0</subfield>
    <subfield code="7">0</subfield>
    <subfield code="a">04</subfield>
    <subfield code="b">04</subfield>
    <subfield code="d">2015-02-19</subfield>
    <subfield code="l">3</subfield>
    <subfield code="m">1</subfield>
    <subfield code="o">HG4216 P47 2013</subfield>
    <subfield code="p">04 004965</subfield>
    <subfield code="r">2017-01-16</subfield>
    <subfield code="s">2017-01-10</subfield>
    <subfield code="t">1</subfield>
    <subfield code="w">2015-02-19</subfield>
    <subfield code="y">LB</subfield>
  </datafield>
  <datafield tag="952" ind1=" " ind2=" ">
    <subfield code="0">0</subfield>
    <subfield code="1">0</subfield>
    <subfield code="2">lcc</subfield>
    <subfield code="4">0</subfield>
    <subfield code="7">0</subfield>
    <subfield code="a">12</subfield>
    <subfield code="b">12</subfield>
    <subfield code="d">2015-06-09</subfield>
    <subfield code="l">0</subfield>
    <subfield code="o">HG4216 P47 2013</subfield>
    <subfield code="p">12 002296</subfield>
    <subfield code="r">2024-09-21</subfield>
    <subfield code="t">1</subfield>
    <subfield code="w">2015-06-09</subfield>
    <subfield code="y">LB</subfield>
  </datafield>
  <datafield tag="952" ind1=" " ind2=" ">
    <subfield code="0">0</subfield>
    <subfield code="1">0</subfield>
    <subfield code="4">0</subfield>
    <subfield code="7">0</subfield>
    <subfield code="a">13</subfield>
    <subfield code="b">13</subfield>
    <subfield code="d">2016-01-21</subfield>
    <subfield code="l">0</subfield>
    <subfield code="o">HG4216 P47 2013</subfield>
    <subfield code="p">13 003238</subfield>
    <subfield code="r">2016-01-21</subfield>
    <subfield code="t">1</subfield>
    <subfield code="w">2016-01-21</subfield>
    <subfield code="y">LB</subfield>
  </datafield>
  <datafield tag="952" ind1=" " ind2=" ">
    <subfield code="0">0</subfield>
    <subfield code="1">0</subfield>
    <subfield code="4">0</subfield>
    <subfield code="7">0</subfield>
    <subfield code="a">22</subfield>
    <subfield code="b">22</subfield>
    <subfield code="d">2016-02-16</subfield>
    <subfield code="l">1</subfield>
    <subfield code="o">HG4216 P47 2013</subfield>
    <subfield code="p">06 002989</subfield>
    <subfield code="r">2018-07-06</subfield>
    <subfield code="s">2018-07-06</subfield>
    <subfield code="t">1</subfield>
    <subfield code="w">2016-02-16</subfield>
    <subfield code="y">LB</subfield>
  </datafield>
  <datafield tag="952" ind1=" " ind2=" ">
    <subfield code="0">0</subfield>
    <subfield code="1">0</subfield>
    <subfield code="4">0</subfield>
    <subfield code="7">0</subfield>
    <subfield code="a">03</subfield>
    <subfield code="b">03</subfield>
    <subfield code="d">2016-03-09</subfield>
    <subfield code="l">0</subfield>
    <subfield code="o">HG4216 P47 2013</subfield>
    <subfield code="p">03 008820</subfield>
    <subfield code="r">2016-03-09</subfield>
    <subfield code="t">1</subfield>
    <subfield code="w">2016-03-09</subfield>
    <subfield code="y">LB</subfield>
  </datafield>
  <datafield tag="952" ind1=" " ind2=" ">
    <subfield code="0">0</subfield>
    <subfield code="1">0</subfield>
    <subfield code="2">lcc</subfield>
    <subfield code="4">0</subfield>
    <subfield code="7">0</subfield>
    <subfield code="a">12</subfield>
    <subfield code="b">12</subfield>
    <subfield code="d">2016-05-06</subfield>
    <subfield code="l">0</subfield>
    <subfield code="o">HG4216 P47 2013</subfield>
    <subfield code="p">12 004174</subfield>
    <subfield code="r">2016-05-06</subfield>
    <subfield code="t">2</subfield>
    <subfield code="w">2016-05-06</subfield>
    <subfield code="y">LB</subfield>
  </datafield>
  <datafield tag="952" ind1=" " ind2=" ">
    <subfield code="0">0</subfield>
    <subfield code="1">0</subfield>
    <subfield code="4">0</subfield>
    <subfield code="7">0</subfield>
    <subfield code="a">18</subfield>
    <subfield code="b">18</subfield>
    <subfield code="d">2016-09-08</subfield>
    <subfield code="l">0</subfield>
    <subfield code="o">HG4216 P47 2013</subfield>
    <subfield code="p">18 003635</subfield>
    <subfield code="r">2016-09-08</subfield>
    <subfield code="t">1</subfield>
    <subfield code="w">2016-09-08</subfield>
    <subfield code="y">LB</subfield>
  </datafield>
  <datafield tag="952" ind1=" " ind2=" ">
    <subfield code="0">0</subfield>
    <subfield code="1">0</subfield>
    <subfield code="4">0</subfield>
    <subfield code="7">0</subfield>
    <subfield code="a">18</subfield>
    <subfield code="b">18</subfield>
    <subfield code="d">2016-09-08</subfield>
    <subfield code="l">0</subfield>
    <subfield code="o">HG4216 P47 2013</subfield>
    <subfield code="p">18 003636</subfield>
    <subfield code="r">2016-09-08</subfield>
    <subfield code="t">2</subfield>
    <subfield code="w">2016-09-08</subfield>
    <subfield code="y">LB</subfield>
  </datafield>
  <datafield tag="952" ind1=" " ind2=" ">
    <subfield code="0">0</subfield>
    <subfield code="1">0</subfield>
    <subfield code="4">0</subfield>
    <subfield code="7">0</subfield>
    <subfield code="a">20</subfield>
    <subfield code="b">20</subfield>
    <subfield code="d">2016-11-23</subfield>
    <subfield code="l">1</subfield>
    <subfield code="o">HG4216 P47 2013</subfield>
    <subfield code="p">20 003498</subfield>
    <subfield code="r">2024-09-19</subfield>
    <subfield code="s">2019-11-21</subfield>
    <subfield code="t">1</subfield>
    <subfield code="w">2016-11-23</subfield>
    <subfield code="y">LB</subfield>
  </datafield>
  <datafield tag="952" ind1=" " ind2=" ">
    <subfield code="0">0</subfield>
    <subfield code="1">0</subfield>
    <subfield code="4">0</subfield>
    <subfield code="7">0</subfield>
    <subfield code="a">12</subfield>
    <subfield code="b">12</subfield>
    <subfield code="d">2018-04-17</subfield>
    <subfield code="l">0</subfield>
    <subfield code="o">HG4216 P47 2013</subfield>
    <subfield code="p">12 004387</subfield>
    <subfield code="r">2024-11-13</subfield>
    <subfield code="t">3</subfield>
    <subfield code="w">2018-04-17</subfield>
    <subfield code="y">LB</subfield>
  </datafield>
  <datafield tag="952" ind1=" " ind2=" ">
    <subfield code="0">0</subfield>
    <subfield code="1">0</subfield>
    <subfield code="4">0</subfield>
    <subfield code="7">0</subfield>
    <subfield code="a">15</subfield>
    <subfield code="b">15</subfield>
    <subfield code="d">2018-05-16</subfield>
    <subfield code="l">0</subfield>
    <subfield code="o">658.4012 P415c</subfield>
    <subfield code="p">15 008701</subfield>
    <subfield code="r">2018-05-16</subfield>
    <subfield code="t">1</subfield>
    <subfield code="w">2018-05-16</subfield>
    <subfield code="y">LB</subfield>
  </datafield>
  <datafield tag="952" ind1=" " ind2=" ">
    <subfield code="0">0</subfield>
    <subfield code="1">0</subfield>
    <subfield code="4">0</subfield>
    <subfield code="7">0</subfield>
    <subfield code="a">18</subfield>
    <subfield code="b">18</subfield>
    <subfield code="d">2018-08-01</subfield>
    <subfield code="l">0</subfield>
    <subfield code="o">HG4216 P47 2013</subfield>
    <subfield code="p">18 004684</subfield>
    <subfield code="r">2024-05-06</subfield>
    <subfield code="t">3</subfield>
    <subfield code="w">2018-08-01</subfield>
    <subfield code="y">LB</subfield>
  </datafield>
  <datafield tag="952" ind1=" " ind2=" ">
    <subfield code="0">0</subfield>
    <subfield code="1">0</subfield>
    <subfield code="4">0</subfield>
    <subfield code="7">0</subfield>
    <subfield code="a">09</subfield>
    <subfield code="b">09</subfield>
    <subfield code="d">2018-09-27</subfield>
    <subfield code="l">0</subfield>
    <subfield code="o">HG4216 P47 2013</subfield>
    <subfield code="p">09 005178</subfield>
    <subfield code="r">2018-09-27</subfield>
    <subfield code="t">1</subfield>
    <subfield code="w">2018-09-27</subfield>
    <subfield code="y">LB</subfield>
  </datafield>
  <datafield tag="952" ind1=" " ind2=" ">
    <subfield code="0">0</subfield>
    <subfield code="1">0</subfield>
    <subfield code="4">0</subfield>
    <subfield code="7">0</subfield>
    <subfield code="a">13</subfield>
    <subfield code="b">13</subfield>
    <subfield code="d">2018-10-15</subfield>
    <subfield code="l">0</subfield>
    <subfield code="o">HG4216 P47 2013</subfield>
    <subfield code="p">13 004809</subfield>
    <subfield code="r">2018-10-15</subfield>
    <subfield code="t">2</subfield>
    <subfield code="w">2018-10-15</subfield>
    <subfield code="y">LB</subfield>
  </datafield>
  <datafield tag="952" ind1=" " ind2=" ">
    <subfield code="0">0</subfield>
    <subfield code="1">0</subfield>
    <subfield code="4">0</subfield>
    <subfield code="7">0</subfield>
    <subfield code="a">08</subfield>
    <subfield code="b">08</subfield>
    <subfield code="d">2018-11-07</subfield>
    <subfield code="l">0</subfield>
    <subfield code="o">HG4216 P47 2013</subfield>
    <subfield code="p">08 006835</subfield>
    <subfield code="r">2018-11-07</subfield>
    <subfield code="t">1</subfield>
    <subfield code="w">2018-11-07</subfield>
    <subfield code="y">LB</subfield>
  </datafield>
  <datafield tag="999" ind1=" " ind2=" ">
    <subfield code="c">95906</subfield>
    <subfield code="d">95906</subfield>
  </datafield>
  <controlfield tag="005">20231102151807.0</controlfield>
  <controlfield tag="008">180417s    2013sp ||||| |||| 00| 0 spa d</controlfield>
  <datafield tag="020" ind1=" " ind2=" ">
    <subfield code="a">9786077076667</subfield>
  </datafield>
  <datafield tag="050" ind1="0" ind2="4">
    <subfield code="a">HG4216</subfield>
    <subfield code="b">P47 2013</subfield>
  </datafield>
  <datafield tag="082" ind1="0" ind2="4">
    <subfield code="a">658.4012</subfield>
    <subfield code="b">P415c</subfield>
    <subfield code="2"> </subfield>
  </datafield>
  <datafield tag="100" ind1="1" ind2=" ">
    <subfield code="a">P&#xE9;rez-Carballo Veiga, Juan F.</subfield>
    <subfield code="e">autor</subfield>
  </datafield>
  <datafield tag="245" ind1="1" ind2="0">
    <subfield code="a">Control de la gesti&#xF3;n empresarial </subfield>
    <subfield code="c"> / Juan F. P&#xE9;rez-Carballo Veiga</subfield>
    <subfield code="b"> </subfield>
  </datafield>
  <datafield tag="250" ind1=" " ind2=" ">
    <subfield code="a">8a edici&#xF3;n revisada y actualizada</subfield>
  </datafield>
  <datafield tag="260" ind1=" " ind2=" ">
    <subfield code="a">M&#xE9;xico</subfield>
    <subfield code="a">Madrid</subfield>
    <subfield code="b">: Alfaomega</subfield>
    <subfield code="b">ESIC</subfield>
    <subfield code="c">, 2013</subfield>
  </datafield>
  <datafield tag="300" ind1=" " ind2=" ">
    <subfield code="a">383 p&#xE1;ginas</subfield>
    <subfield code="c"> : ilustraciones</subfield>
  </datafield>
  <datafield tag="500" ind1=" " ind2=" ">
    <subfield code="a">T&#xED;tulo en portada: Control empresarial : textos y casos
Incluye: &#xCD;ndice anal&#xED;tico (pp. 381-383)
Caso pr&#xE1;ctico en cada cap&#xED;tulo</subfield>
  </datafield>
  <datafield tag="504" ind1=" " ind2=" ">
    <subfield code="a">Bibliograf&#xED;a (pp. 379-380)</subfield>
  </datafield>
  <datafield tag="505" ind1="2" ind2=" ">
    <subfield code="a">Fundamentos del control de gesti&#xF3;n
La informaci&#xF3;n de costes y el control
La pr&#xE1;ctica de los sistemas de coste
El control por ratios econ&#xF3;mico-financieros
El presupuesto de operaciones
C&#xE1;lculo de las desviaciones presupuestarias
Control de las actividades operativas
Control de inversiones
Control de la gesti&#xF3;n financiera
Control de las empresas descentralizadas
La funci&#xF3;n del controler
</subfield>
  </datafield>
  <datafield tag="519" ind1=" " ind2=" ">
    <subfield code="a">Educaci&#xF3;n Mixta / </subfield>
    <subfield code="b">Inform&#xE1;tica / </subfield>
    <subfield code="c">Sistemas de Gesti&#xF3;n Empresarial (P29-3) / </subfield>
    <subfield code="d">(04 004965)</subfield>
  </datafield>
  <datafield tag="519" ind1=" " ind2=" ">
    <subfield code="a">Educaci&#xF3;n Mixta / </subfield>
    <subfield code="b">Inform&#xE1;tica / </subfield>
    <subfield code="c">Sistemas de Gesti&#xF3;n Empresarial (P29-3) / </subfield>
    <subfield code="d">(13 003238, 13 004809)</subfield>
  </datafield>
  <datafield tag="519" ind1=" " ind2=" ">
    <subfield code="a">Educaci&#xF3;n Mixta / </subfield>
    <subfield code="b">Inform&#xE1;tica / </subfield>
    <subfield code="c">Sistemas de Gesti&#xF3;n Empresarial (P29-3) / </subfield>
    <subfield code="d">(06 002989)</subfield>
  </datafield>
  <datafield tag="519" ind1=" " ind2=" ">
    <subfield code="a">Educaci&#xF3;n Mixta / </subfield>
    <subfield code="b">Inform&#xE1;tica / </subfield>
    <subfield code="c">Sistemas de Gesti&#xF3;n Empresarial (P29-3) / </subfield>
    <subfield code="d">(03  008820)</subfield>
  </datafield>
  <datafield tag="519" ind1=" " ind2=" ">
    <subfield code="a">Plan Flexible / </subfield>
    <subfield code="b">Maestr&#xED;a en Administraci&#xF3;n de Negocios / </subfield>
    <subfield code="c">Planeaci&#xF3;n y Control Directivo (P07-3) / </subfield>
    <subfield code="d">(20 003498)</subfield>
  </datafield>
  <datafield tag="519" ind1=" " ind2=" ">
    <subfield code="a">Educaci&#xF3;n Mixta /</subfield>
    <subfield code="b">Inform&#xE1;tica /</subfield>
    <subfield code="c">Sistema de Gesti&#xF3;n Empresarial (P29-) /

</subfield>
    <subfield code="d">(12 002296)</subfield>
  </datafield>
  <datafield tag="519" ind1=" " ind2=" ">
    <subfield code="a">Plan Flexible /</subfield>
    <subfield code="b">Inform&#xE1;tica /</subfield>
    <subfield code="c">Sistema de Gesti&#xF3;n Empresarial (P29-)

</subfield>
    <subfield code="d">(12 004174)</subfield>
  </datafield>
  <datafield tag="519" ind1=" " ind2=" ">
    <subfield code="a">Educaci&#xF3;n Mixta / </subfield>
    <subfield code="b">Inform&#xE1;tica / </subfield>
    <subfield code="c">Sistemas de Gesti&#xF3;n Empresarial (P29-3) / </subfield>
    <subfield code="d">(18 003635, 18 003636, 18 004684)</subfield>
  </datafield>
  <datafield tag="519" ind1=" " ind2=" ">
    <subfield code="a">Plan Flexible / </subfield>
    <subfield code="b">Tecnolog&#xED;as de la Informaci&#xF3;n / </subfield>
    <subfield code="c">Control de Gesti&#xF3;n emresarial (B14-3) / </subfield>
    <subfield code="d">(12 004387)</subfield>
  </datafield>
  <datafield tag="519" ind1=" " ind2=" ">
    <subfield code="a">Plan Flexible / </subfield>
    <subfield code="b">Mercadotecnia Digital /</subfield>
    <subfield code="c">Estrategias de Fijaci&#xF3;n de Precios (P26-3) /</subfield>
    <subfield code="d">(15 008701)</subfield>
  </datafield>
  <datafield tag="519" ind1=" " ind2=" ">
    <subfield code="a">Material Complementario /</subfield>
    <subfield code="b">Inform&#xE1;tica /</subfield>
    <subfield code="d">(09 005179)</subfield>
  </datafield>
  <datafield tag="519" ind1=" " ind2=" ">
    <subfield code="a">Material Complementario /</subfield>
    <subfield code="b">Inform&#xE1;tica /</subfield>
    <subfield code="d">(08 006835)</subfield>
  </datafield>
  <datafield tag="650" ind1="1" ind2="4">
    <subfield code="a">PLANEACI&#xD3;N ESTRAT&#xC9;GICA</subfield>
  </datafield>
  <datafield tag="650" ind1="2" ind2="4">
    <subfield code="a">ESTRATEGIA EMPRESARIAL</subfield>
  </datafield>
  <datafield tag="650" ind1="2" ind2="4">
    <subfield code="a">ADMINISTRACION DE EMPRESAS</subfield>
  </datafield>
  <datafield tag="942" ind1=" " ind2=" ">
    <subfield code="c">LB</subfield>
  </datafield>
</record>
